[Event "GER-ch Net blitz qual4"]
[Site "Playchess.com INT"]
[Date "2021.05.10"]
[Round "2"]
[White "Juergens, Florian"]
[Black "Meyer, Irmin"]
[Result "1-0"]
[WhiteElo "1802"]
[BlackElo "1610"]
[PlyCount "75"]
[EventDate "2021.05.10"]
[EventType "swiss (blitz)"]
[EventRounds "11"]
[EventCountry "GER"]
[SourceTitle "CBM 202 Extra"]
[Source "ChessBase"]
[SourceDate "2021.07.31"]
[SourceVersion "1"]
[SourceVersionDate "2021.07.31"]
[SourceQuality "1"]

1. e4 c6 2. d4 d5 3. e5 Bf5 4. g4 Be4 5. f3 Bg6 6. h4 h5 7. e6 Qd6 8. exf7+ Bxf7 9. Ne2 e5 10. dxe5 Qxe5 11. Nbc3 Bb4 12. Bf4 Qe7 13. a3 Bd6 14. Qd2 Nd7 15. g5 0-0-0 16. Bxd6 Qxd6 17. 0-0-0 Ne7 18. Bh3 Kb8 19. Rhe1 Rhe8 20. Qf4 Qxf4+ 21. Nxf4 Ng6 22. Nxg6 Bxg6 23. Rxe8 Bxe8 24. Re1 Kc7 25. Re7 g6 26. Na4 b6 27. Nc3 Kd6 28. Re6+ Kc7 29. f4 Nc5 30. Rf6 Rd6 31. Rxd6 Kxd6 32. f5 Ke5 33. f6 Ne4 34. Ne2 Nf2 35. Bc8 Ne4 36. Bd7 Bf7 37. Bxc6 Nf2 38. Nc3 1-0

[Event "GER-ch Net blitz qual4"]
[Site "Playchess.com INT"]
[Date "2021.05.10"]
[Round "10"]
[White "Meyer, Irmin"]
[Black "Fabregas, Oliver"]
[Result "0-1"]
[WhiteElo "1610"]
[BlackElo "1809"]
[PlyCount "100"]
[EventDate "2021.05.10"]
[EventType "swiss (blitz)"]
[EventRounds "11"]
[EventCountry "GER"]
[SourceTitle "CBM 202 Extra"]
[Source "ChessBase"]
[SourceDate "2021.07.31"]
[SourceVersion "1"]
[SourceVersionDate "2021.07.31"]
[SourceQuality "1"]

1. e4 c5 2. c3 Qa5 3. Nf3 e6 4. d4 cxd4 5. b4 Qc7 6. Qxd4 Nc6 7. Qd3 d6 8. Be2 a6 9. 0-0 Nf6 10. h3 Be7 11. Bf4 0-0 12. Rd1 e5 13. Be3 b6 14. Nbd2 Bb7 15. Rac1 Rad8 16. Nc4 Nd7 17. a4 b5 18. axb5 axb5 19. Ncd2 Nb6 20. Nf1 Nc4 21. Bg5 f6 22. Bh4 Kh8 23. Ng3 Bc8 24. Qd5 g5 25. Bxg5 fxg5 26. Qxb5 Nb2 27. Rd2 Na7 28. Qd5 Na4 29. Ra2 Bd7 30. c4 Nb6 31. Qd3 Nac8 32. Rca1 Bc6 33. Nf5 Bf6 34. Ra6 Bb7 35. R6a2 Qc6 36. g4 Qxe4 37. Ra5 Qxd3 38. Bxd3 e4 39. Nxg5 Bxg5 40. Be2 Bf4 41. Kf1 Rde8 42. c5 dxc5 43. bxc5 Nd5 44. Rb5 Bc6 45. Rb8 Nc3 46. Bc4 e3 47. Nh6 Re7 48. Nf5 e2+ 49. Ke1 Rb7 50. Rxb7 Bxb7 0-1

[Event "GER-ch Net blitz qual3"]
[Site "Playchess.com INT"]
[Date "2021.05.07"]
[Round "1"]
[White "Fabregas, Oliver"]
[Black "Meyer, Irmin"]
[Result "1-0"]
[WhiteElo "1985"]
[BlackElo "1638"]
[PlyCount "69"]
[EventDate "2021.05.07"]
[EventType "swiss (blitz)"]
[EventRounds "11"]
[EventCountry "GER"]
[SourceTitle "CBM 202 Extra"]
[Source "ChessBase"]
[SourceDate "2021.07.31"]
[SourceVersion "1"]
[SourceVersionDate "2021.07.31"]
[SourceQuality "1"]

1. Nf3 Nf6 2. g3 d5 3. Bg2 c6 4. d3 Bf5 5. Nbd2 h6 6. 0-0 Nbd7 7. e3 e6 8. Qe2 Be7 9. e4 dxe4 10. dxe4 Bh7 11. Rd1 Qc7 12. b3 0-0 13. Bb2 Rfd8 14. a4 a5 15. h4 Rab8 16. Nd4 Bc5 17. Kh1 Qb6 18. Nc4 Qc7 19. f4 Re8 20. e5 Nd5 21. Kh2 b5 22. axb5 cxb5 23. Nxa5 N7b6 24. c3 Rbc8 25. Rac1 Bxd4 26. cxd4 Qd7 27. Be4 Bxe4 28. Qxe4 Nb4 29. Nb7 N6d5 30. Nd6 Rxc1 31. Rxc1 Ra8 32. Kh3 Ra2 33. Bc3 Nc6 34. Be1 Nd8 35. Rc8 1-0

[Event "GER-ch Net blitz qual3"]
[Site "Playchess.com INT"]
[Date "2021.05.07"]
[Round "11"]
[White "Huettinger, Siegfried"]
[Black "Meyer, Irmin"]
[Result "1-0"]
[WhiteElo "1429"]
[BlackElo "1638"]
[PlyCount "55"]
[EventDate "2021.05.07"]
[EventType "swiss (blitz)"]
[EventRounds "11"]
[EventCountry "GER"]
[SourceTitle "CBM 202 Extra"]
[Source "ChessBase"]
[SourceDate "2021.07.31"]
[SourceVersion "1"]
[SourceVersionDate "2021.07.31"]
[SourceQuality "1"]

1. d4 Nf6 2. c4 e6 3. Nc3 Bb4 4. Bd2 b6 5. a3 Bxc3 6. Bxc3 Ne4 7. Qc2 Nxc3 8. Qxc3 Bb7 9. f3 d5 10. c5 0-0 11. e3 c6 12. Bd3 Nd7 13. b4 a5 14. Ne2 axb4 15. Qxb4 Qc7 16. 0-0 bxc5 17. dxc5 Rfb8 18. e4 Ba6 19. Qd4 Bxd3 20. Qxd3 Nxc5 21. Qc3 Qd6 22. Ng3 Ra4 23. Rfc1 Rb5 24. e5 Qe7 25. Rab1 Rc4 26. Qd2 Rc2 27. Qxc2 Qb7 28. Rxb5 1-0

[Event "GER-ch Net blitz qual3"]
[Site "Playchess.com INT"]
[Date "2021.05.07"]
[Round "5"]
[White "Meyer, Irmin"]
[Black "Braun, Christian"]
[Result "0-1"]
[WhiteElo "1638"]
[BlackElo "1856"]
[PlyCount "48"]
[EventDate "2021.05.07"]
[EventType "swiss (blitz)"]
[EventRounds "11"]
[EventCountry "GER"]
[SourceTitle "CBM 202 Extra"]
[Source "ChessBase"]
[SourceDate "2021.07.31"]
[SourceVersion "1"]
[SourceVersionDate "2021.07.31"]
[SourceQuality "1"]

1. e4 c5 2. c3 Nf6 3. e5 Nd5 4. d4 cxd4 5. Nf3 e6 6. cxd4 b6 7. Bc4 Bb7 8. 0-0 Qc7 9. Bxd5 Bxd5 10. Nc3 Bb7 11. d5 d6 12. dxe6 fxe6 13. Nd4 dxe5 14. Qh5+ g6 15. Ncb5 Qc5 16. Qg4 exd4 17. Qxe6+ Be7 18. Nc7+ Qxc7 19. Bg5 Nc6 20. Rac1 Qd7 21. Rfe1 Qxe6 22. Rxe6 Kd7 23. Rcxc6 Bxc6 24. Rxe7+ Kd6 0-1

[Event "GER-ch Net blitz qual3"]
[Site "Playchess.com INT"]
[Date "2021.05.07"]
[Round "6"]
[White "Meyer, Irmin"]
[Black "Melde, Volker"]
[Result "0-1"]
[WhiteElo "1638"]
[BlackElo "1742"]
[PlyCount "52"]
[EventDate "2021.05.07"]
[EventType "swiss (blitz)"]
[EventRounds "11"]
[EventCountry "GER"]
[SourceTitle "CBM 202 Extra"]
[Source "ChessBase"]
[SourceDate "2021.07.31"]
[SourceVersion "1"]
[SourceVersionDate "2021.07.31"]
[SourceQuality "1"]

1. e4 d5 2. exd5 Qxd5 3. Nc3 Qa5 4. d4 Nf6 5. Bc4 Bf5 6. Nf3 e6 7. Bd2 c6 8. Nd5 Qd8 9. Nxf6+ gxf6 10. 0-0 Bd6 11. Re1 Qc7 12. g3 Nd7 13. Nh4 Bg6 14. Qe2 0-0-0 15. a4 Bxc2 16. Be3 Be4 17. f3 Bd5 18. Ng2 Rhg8 19. Kf2 Kb8 20. Bf4 e5 21. Be3 Nb6 22. Bd3 h5 23. Rec1 Rde8 24. Qc2 exd4 25. Bxd4 Bxg3+ 26. Kf1 Bxf3 0-1

[Event "GER-ch Net blitz qual2"]
[Site "Playchess.com INT"]
[Date "2021.05.04"]
[Round "3"]
[White "Busch, Ullrich"]
[Black "Meyer, Irmin"]
[Result "0-1"]
[WhiteElo "1458"]
[BlackElo "1639"]
[PlyCount "86"]
[EventDate "2021.05.04"]
[EventType "swiss (blitz)"]
[EventRounds "11"]
[EventCountry "GER"]
[SourceTitle "CBM 202 Extra"]
[Source "ChessBase"]
[SourceDate "2021.07.31"]
[SourceVersion "1"]
[SourceVersionDate "2021.07.31"]
[SourceQuality "1"]

1. e4 c6 2. d4 d5 3. exd5 cxd5 4. Nf3 Nc6 5. Bd3 Bg4 6. c3 e6 7. Bf4 Bd6 8. Bxd6 Qxd6 9. Nbd2 Nf6 10. 0-0 0-0 11. Re1 a6 12. h3 Bh5 13. Nh4 Bxd1 14. Raxd1 b5 15. a3 Na5 16. Nhf3 Nc4 17. Rb1 Rac8 18. Nb3 Rfe8 19. Nc5 g6 20. Nb7 Qc7 21. Nc5 Nd7 22. Nxa6 Qb7 23. Nb4 e5 24. Bxc4 bxc4 25. Nxe5 Nxe5 26. dxe5 Re6 27. Rbd1 Rd8 28. Rd4 f6 29. f4 fxe5 30. fxe5 Qb6 31. Kh2 Qc5 32. Re3 Kg7 33. g3 Qb6 34. Kg2 Qb7 35. Kh2 Ree8 36. Re2 Rf8 37. Red2 Rf3 38. Kg2 Rdf8 39. Nc2 Qf7 40. Nb4 Rf2+ 41. Rxf2 Qxf2+ 42. Kh1 Qf1+ 43. Kh2 Rf2# 0-1

[Event "GER-ch Net blitz qual2"]
[Site "Playchess.com INT"]
[Date "2021.05.04"]
[Round "6"]
[White "Kellner, Rene"]
[Black "Meyer, Irmin"]
[Result "0-1"]
[WhiteElo "1463"]
[BlackElo "1639"]
[PlyCount "60"]
[EventDate "2021.05.04"]
[EventType "swiss (blitz)"]
[EventRounds "11"]
[EventCountry "GER"]
[SourceTitle "CBM 202 Extra"]
[Source "ChessBase"]
[SourceDate "2021.07.31"]
[SourceVersion "1"]
[SourceVersionDate "2021.07.31"]
[SourceQuality "1"]

1. e4 c6 2. d4 d5 3. Nc3 dxe4 4. Nxe4 Bf5 5. Ng3 Bg6 6. Nf3 Nd7 7. h4 h6 8. h5 Bh7 9. Bd3 Bxd3 10. Qxd3 e6 11. Bd2 Ngf6 12. Qe2 Be7 13. 0-0-0 0-0 14. c4 b5 15. cxb5 cxb5 16. Qxb5 Qc7+ 17. Kb1 Rab8 18. Qd3 Nd5 19. Rc1 Qb6 20. Bc3 Rfc8 21. Qd2 Ba3 22. Rc2 N7f6 23. Re1 Nxc3+ 24. Rxc3 Rxc3 25. Qxc3 Bxb2 26. Qb3 Bxd4 27. Nxd4 Qc7 28. Nb5 Qa5 29. Re5 a6 30. Rxe6 Rxb5 0-1

[Event "GER-ch Net blitz qual2"]
[Site "Playchess.com INT"]
[Date "2021.05.04"]
[Round "11"]
[White "Meyer, Irmin"]
[Black "Schenk, Michael"]
[Result "1-0"]
[WhiteElo "1639"]
[BlackElo "1346"]
[PlyCount "39"]
[EventDate "2021.05.04"]
[EventType "swiss (blitz)"]
[EventRounds "11"]
[EventCountry "GER"]
[SourceTitle "CBM 202 Extra"]
[Source "ChessBase"]
[SourceDate "2021.07.31"]
[SourceVersion "1"]
[SourceVersionDate "2021.07.31"]
[SourceQuality "1"]

1. e4 c6 2. c4 d5 3. exd5 cxd5 4. cxd5 Qxd5 5. Nc3 Qd8 6. d4 e6 7. Nf3 Nf6 8. Be2 Bb4 9. 0-0 0-0 10. Qb3 Ba5 11. Bg5 Nc6 12. Rfd1 Bb6 13. d5 Na5 14. Qc2 Qe7 15. a3 exd5 16. Nxd5 Qe4 17. Nxf6+ gxf6 18. Qxe4 fxg5 19. Nxg5 f5 20. Qh4 1-0

[Event "GER-ch Net blitz qual1"]
[Site "Playchess.com INT"]
[Date "2021.04.24"]
[Round "6"]
[White "Schoeneberg, Manfred"]
[Black "Meyer, Irmin"]
[Result "0-1"]
[WhiteElo "1941"]
[BlackElo "1681"]
[PlyCount "42"]
[EventDate "2021.04.24"]
[EventType "swiss (blitz)"]
[EventRounds "11"]
[EventCountry "GER"]
[SourceTitle "CBM 202 Extra"]
[Source "ChessBase"]
[SourceDate "2021.07.31"]
[SourceVersion "1"]
[SourceVersionDate "2021.07.31"]
[SourceQuality "1"]

1. e4 c6 2. d4 d5 3. Nc3 dxe4 4. Nxe4 Bf5 5. Ng3 Bg6 6. h4 h6 7. Nf3 Nd7 8. h5 Bh7 9. Bd3 Bxd3 10. Qxd3 Ngf6 11. Bd2 e6 12. 0-0-0 Qc7 13. Qe2 Bd6 14. Rhe1 c5 15. d5 Nxd5 16. Nf5 0-0-0 17. Nxd6+ Qxd6 18. c4 Nf4 19. Qe4 Nd3+ 20. Qxd3 Qxd3 21. Bf4 Qxc4+ 0-1

[Event "GER-ch Net blitz qual1"]
[Site "Playchess.com INT"]
[Date "2021.04.24"]
[Round "5"]
[White "Wiedemann, Jan"]
[Black "Meyer, Irmin"]
[Result "1-0"]
[WhiteElo "1258"]
[BlackElo "1681"]
[PlyCount "47"]
[EventDate "2021.04.24"]
[EventType "swiss (blitz)"]
[EventRounds "11"]
[EventCountry "GER"]
[SourceTitle "CBM 202 Extra"]
[Source "ChessBase"]
[SourceDate "2021.07.31"]
[SourceVersion "1"]
[SourceVersionDate "2021.07.31"]
[SourceQuality "1"]

1. d4 Nf6 2. Nf3 e6 3. Bg5 h6 4. Bh4 c5 5. e3 Nc6 6. c3 d5 7. Bd3 Be7 8. Nbd2 0-0 9. 0-0 b6 10. Qe2 cxd4 11. exd4 Bb7 12. Bg3 Bd6 13. Ne5 Qc7 14. f4 a6 15. f5 b5 16. fxe6 fxe6 17. Ng6 Rfe8 18. Bxd6 Qxd6 19. Rxf6 gxf6 20. Qg4 Kf7 21. Rf1 Rg8 22. Nh8+ Kf8 23. Rxf6+ Ke7 24. Rf7+ 1-0

[Event "GER Cup Net V4 U2000"]
[Site "Playchess.com INT"]
[Date "2020.05.31"]
[Round "5"]
[White "Meyer, Irmin"]
[Black "Ochmann, Reimund"]
[Result "0-1"]
[WhiteElo "1567"]
[BlackElo "1702"]
[PlyCount "66"]
[EventDate "2020.05.31"]
[EventType "swiss (blitz)"]
[EventRounds "9"]
[EventCountry "GER"]
[SourceTitle "EXT 2021"]
[Source "ChessBase"]
[SourceDate "2020.10.23"]
[SourceVersion "1"]
[SourceVersionDate "2020.10.23"]
[SourceQuality "1"]

1. e4 e5 2. Nf3 Nc6 3. Bb5 a6 4. Ba4 d6 5. d4 b5 6. Bb3 Nxd4 7. Nxd4 exd4 8. Bd5 Rb8 9. Qxd4 Bd7 10. Nc3 c6 11. Bb3 c5 12. Qd5 c4 13. Bxc4 bxc4 14. Qxc4 Nf6 15. 0-0 Be7 16. Re1 0-0 17. Qxa6 Be6 18. b3 Qc7 19. Bb2 Ng4 20. Qe2 d5 21. g3 Bc5 22. Nd1 Qb6 23. Rf1 Rfe8 24. exd5 Nxf2 25. Nxf2 Bh3 26. Qf3 Re3 27. Qh5 Bxf1 28. Qg5 Bd4 29. Bxd4 Qxd4 30. Rxf1 f6 31. Qf4 Qe5 32. Qc4 Kh8 33. Ng4 Qe4 0-1

[Event "GER Cup Net V4 U2000"]
[Site "Playchess.com INT"]
[Date "2020.05.31"]
[Round "1"]
[White "Meyer, Irmin"]
[Black "Wulff, Joerg"]
[Result "0-1"]
[WhiteElo "1566"]
[BlackElo "1767"]
[PlyCount "48"]
[EventDate "2020.05.31"]
[EventType "swiss (blitz)"]
[EventRounds "9"]
[EventCountry "GER"]
[SourceTitle "EXT 2021"]
[Source "ChessBase"]
[SourceDate "2020.10.23"]
[SourceVersion "1"]
[SourceVersionDate "2020.10.23"]
[SourceQuality "1"]

1. e4 g6 2. d4 Bg7 3. Nc3 d6 4. Nf3 Nf6 5. h3 0-0 6. Be3 a6 7. Be2 b5 8. a3 Bb7 9. Bd3 Nbd7 10. 0-0 c5 11. dxc5 Nxc5 12. Bxc5 dxc5 13. Re1 c4 14. Bf1 Nd7 15. Qd2 Ne5 16. Rad1 Qc7 17. Qe3 Rad8 18. Nd5 Bxd5 19. Nxe5 Bb7 20. Nf3 Bxb2 21. c3 Bxa3 22. Nd4 Bc5 23. Be2 Qe5 24. Nf3 Qc7 0-1

[Event "GER Cup Net V3 U2000"]
[Site "Playchess.com INT"]
[Date "2020.05.27"]
[Round "9"]
[White "Ochmann, Reimund"]
[Black "Meyer, Irmin"]
[Result "1-0"]
[WhiteElo "1738"]
[BlackElo "1584"]
[PlyCount "71"]
[EventDate "2020.05.27"]
[EventType "swiss (blitz)"]
[EventRounds "9"]
[EventCountry "GER"]
[SourceTitle "EXT 2021"]
[Source "ChessBase"]
[SourceDate "2020.10.23"]
[SourceVersion "1"]
[SourceVersionDate "2020.10.23"]
[SourceQuality "1"]

1. e4 c6 2. d4 d5 3. exd5 cxd5 4. Bd3 Nc6 5. c3 g6 6. h3 Bg7 7. Nf3 Nh6 8. 0-0 Nf5 9. Re1 0-0 10. b4 a6 11. a4 Nd6 12. Nbd2 Bf5 13. Bxf5 Nxf5 14. a5 Qc7 15. Nb3 Rad8 16. Nc5 e5 17. dxe5 Nxe5 18. Bf4 Nxf3+ 19. Qxf3 Qc6 20. g4 Nd6 21. Re7 d4 22. Bxd6 Qxf3 23. Bg3 d3 24. Re3 Qc6 25. Nxd3 Rfe8 26. Rxe8+ Rxe8 27. Nc5 Bxc3 28. Rc1 Bxb4 29. Nd3 Qb5 30. Nf4 Re1+ 31. Rxe1 Bxe1 32. h4 Qxa5 33. h5 b5 34. hxg6 hxg6 35. Nd5 Bb4 36. Be5 1-0

[Event "GER-ch Net Amateur Gr-B Vor3"]
[Site "Playchess.com INT"]
[Date "2020.04.16"]
[Round "5"]
[White "Hoffmann, Kay"]
[Black "Meyer, Irmin"]
[Result "0-1"]
[WhiteElo "1623"]
[BlackElo "1451"]
[PlyCount "68"]
[EventDate "2020.04.16"]
[EventType "swiss (blitz)"]
[EventRounds "9"]
[EventCountry "GER"]
[SourceTitle "CBM 195 Extra"]
[Source "ChessBase"]
[SourceDate "2020.05.31"]
[SourceVersion "1"]
[SourceVersionDate "2020.05.31"]
[SourceQuality "1"]

1. f4 g6 2. Nf3 Bg7 3. g3 d5 4. Bg2 c5 5. 0-0 Nc6 6. Nc3 Nf6 7. d3 0-0 8. e4 d4 9. Ne2 Re8 10. Ng5 h6 11. Nf3 Bg4 12. h3 Bxf3 13. Bxf3 e5 14. g4 exf4 15. Bxf4 Ne5 16. Qd2 Kh7 17. g5 Ng8 18. gxh6 Bxh6 19. Bxh6 Nxh6 20. Nf4 Qh4 21. Bg2 Kg7 22. Qf2 Qxf2+ 23. Rxf2 Rh8 24. Raf1 Ng8 25. Nd5 Re8 26. Nc7 Re7 27. Nb5 b6 28. Nd6 f6 29. Rf4 Rd7 30. Ne8+ Kf7 31. Nxf6 Nxf6 32. Rxf6+ Kg7 33. Re6 Nf7 34. Rff6 Rh6 0-1

[Event "GER-ch Net Amateur Gr-B Vor3"]
[Site "Playchess.com INT"]
[Date "2020.04.16"]
[Round "9"]
[White "Hoke, Joshua Sky"]
[Black "Meyer, Irmin"]
[Result "1-0"]
[WhiteElo "1497"]
[BlackElo "1451"]
[PlyCount "41"]
[EventDate "2020.04.16"]
[EventType "swiss (blitz)"]
[EventRounds "9"]
[EventCountry "GER"]
[SourceTitle "CBM 195 Extra"]
[Source "ChessBase"]
[SourceDate "2020.05.31"]
[SourceVersion "1"]
[SourceVersionDate "2020.05.31"]
[SourceQuality "1"]

1. e4 c6 2. d4 d5 3. Nc3 dxe4 4. Nxe4 Bf5 5. Ng3 Bg6 6. h4 h6 7. h5 Bh7 8. Bd3 Bxd3 9. Qxd3 Nf6 10. Nf3 Nbd7 11. Bf4 Qa5+ 12. Bd2 Qc7 13. 0-0-0 e6 14. c3 c5 15. dxc5 Nxc5 16. Qc4 Rc8 17. Qb5+ Qc6 18. Qxc6+ Rxc6 19. Ne5 Rd6 20. Be3 Rd2 21. Rxd2 1-0

[Event "GER-ch Net Amateur Gr-B Vor3"]
[Site "Playchess.com INT"]
[Date "2020.04.16"]
[Round "7"]
[White "Klemens, Peter"]
[Black "Meyer, Irmin"]
[Result "1-0"]
[WhiteElo "1592"]
[BlackElo "1451"]
[PlyCount "93"]
[EventDate "2020.04.16"]
[EventType "swiss (blitz)"]
[EventRounds "9"]
[EventCountry "GER"]
[SourceTitle "CBM 195 Extra"]
[Source "ChessBase"]
[SourceDate "2020.05.31"]
[SourceVersion "1"]
[SourceVersionDate "2020.05.31"]
[SourceQuality "1"]

1. d4 Nf6 2. Nf3 e6 3. c3 c5 4. Bf4 Nc6 5. e3 d5 6. Nbd2 Bd6 7. Bg3 0-0 8. Bd3 b6 9. Qe2 Re8 10. e4 dxe4 11. Nxe4 Be7 12. Nxf6+ Bxf6 13. Qe4 g6 14. Qxc6 Bd7 15. Qe4 Rc8 16. Be5 Bc6 17. Qe3 Bxf3 18. Qxf3 Bxe5 19. dxe5 Qe7 20. 0-0 Red8 21. Rad1 Rd5 22. Rfe1 Rcd8 23. Bc2 Qg5 24. Rxd5 Rxd5 25. Rd1 Rxe5 26. Rf1 Rd5 27. Bb3 Rd2 28. Qa8+ Kg7 29. Qxa7 Rxb2 30. Qxb6 Qe5 31. h3 Qxc3 32. Qc7 Rd2 33. Bxe6 Qf6 34. Bb3 Qf5 35. Qc6 Re2 36. Qb5 Re5 37. Qc4 Re7 38. a4 Re4 39. Qb5 Qe5 40. a5 Rb4 41. Qd3 Rd4 42. Qc2 Qd6 43. Qe2 Rd2 44. Qc4 Qd7 45. a6 Rd4 46. Qxc5 Rd6 47. a7 1-0

[Event "GER-ch Net Amateur Gr-B Vor2"]
[Site "Playchess.com INT"]
[Date "2020.04.15"]
[Round "5"]
[White "Meyer, Irmin"]
[Black "Meissner, Steffen"]
[Result "0-1"]
[WhiteElo "1493"]
[BlackElo "1641"]
[PlyCount "32"]
[EventDate "2020.04.15"]
[EventType "swiss (blitz)"]
[EventRounds "9"]
[EventCountry "GER"]
[SourceTitle "CBM 196 Extra"]
[Source "ChessBase"]
[SourceDate "2020.07.31"]
[SourceVersion "1"]
[SourceVersionDate "2020.07.31"]
[SourceQuality "1"]

1. e4 c5 2. c3 d5 3. exd5 Qxd5 4. d4 Nf6 5. Nf3 e6 6. Be2 Be7 7. 0-0 0-0 8. Be3 cxd4 9. cxd4 Nc6 10. Nc3 Qd8 11. a3 b6 12. Rc1 Bb7 13. Ne5 Nxe5 14. dxe5 Nd5 15. Nxd5 Qxd5 16. Rc7 Qxg2# 0-1

[Event "GER-ch Net Amateur Gr-B Vor1"]
[Site "Playchess.com INT"]
[Date "2020.04.14"]
[Round "8"]
[White "Hermes, Frank"]
[Black "Meyer, Irmin"]
[Result "1-0"]
[WhiteElo "1559"]
[BlackElo "1535"]
[PlyCount "47"]
[EventDate "2020.04.14"]
[EventType "swiss (blitz)"]
[EventRounds "9"]
[EventCountry "GER"]
[SourceTitle "EXT 2021"]
[Source "ChessBase"]
[SourceDate "2020.10.23"]
[SourceVersion "1"]
[SourceVersionDate "2020.10.23"]
[SourceQuality "1"]

1. e4 c6 2. d4 d5 3. e5 Bf5 4. Nf3 e6 5. Be2 c5 6. Be3 Qb6 7. Nc3 c4 8. 0-0 Ne7 9. b3 cxb3 10. cxb3 Ng6 11. Rc1 Ba3 12. Nb5 Bxc1 13. Nd6+ Ke7 14. Qxc1 Nc6 15. Bg5+ f6 16. Nxf5+ exf5 17. exf6+ gxf6 18. Qe3+ Kf7 19. Bxf6 Rhe8 20. Qg5 Rxe2 21. Qxf5 Rae8 22. Bd8+ Kg8 23. Bxb6 axb6 24. Ng5 1-0

[Event "GER-ch Net Amateur Gr-B Vor1"]
[Site "Playchess.com INT"]
[Date "2020.04.14"]
[Round "9"]
[White "Meyer, Irmin"]
[Black "Plattner, Rolf"]
[Result "0-1"]
[WhiteElo "1484"]
[BlackElo "1483"]
[PlyCount "78"]
[EventDate "2020.04.14"]
[EventType "swiss (blitz)"]
[EventRounds "9"]
[EventCountry "GER"]
[SourceTitle "EXT 2021"]
[Source "ChessBase"]
[SourceDate "2020.10.23"]
[SourceVersion "1"]
[SourceVersionDate "2020.10.23"]
[SourceQuality "1"]

1. e4 Nf6 2. e5 Nd5 3. c4 Nb6 4. d4 d6 5. exd6 cxd6 6. Nc3 g6 7. b3 Bg7 8. Be3 0-0 9. Rc1 Nc6 10. Nf3 Bg4 11. Be2 Nd7 12. 0-0 e5 13. d5 Ne7 14. h3 Bf5 15. Nh4 Nc5 16. Bxc5 dxc5 17. d6 Nc6 18. Nxf5 gxf5 19. Qd5 Nd4 20. Qxc5 b6 21. Qd5 Re8 22. Bh5 Re6 23. Nb5 Nxb5 24. cxb5 Rxd6 25. Qxf7+ Kh8 26. Rc7 Qf6 27. Rxa7 Rxa7 28. Qxa7 Rd8 29. Qf7 Qg5 30. Be2 Rf8 31. Qd5 f4 32. Bf3 h5 33. Rc1 Rd8 34. Qe4 h4 35. Rc6 Qe7 36. Kh2 Rd6 37. Rc8+ Rd8 38. Rxd8+ Qxd8 39. Qf5 Kg8 0-1

[Event "GER-ch Net Amateur Gr-B Vor1"]
[Site "Playchess.com INT"]
[Date "2020.04.14"]
[Round "7"]
[White "Meyer, Irmin"]
[Black "Radeke, Wolfgang"]
[Result "0-1"]
[WhiteElo "1605"]
[BlackElo "1528"]
[PlyCount "76"]
[EventDate "2020.04.14"]
[EventType "swiss (blitz)"]
[EventRounds "9"]
[EventCountry "GER"]
[SourceTitle "EXT 2021"]
[Source "ChessBase"]
[SourceDate "2020.10.23"]
[SourceVersion "1"]
[SourceVersionDate "2020.10.23"]
[SourceQuality "1"]

1. e4 c5 2. c3 d5 3. exd5 Qxd5 4. d4 Nf6 5. Nf3 Bg4 6. Be2 e6 7. 0-0 Nc6 8. h3 Bh5 9. Be3 Rd8 10. Na3 a6 11. Nc2 Be7 12. dxc5 Qxd1 13. Rfxd1 0-0 14. b4 Ne4 15. g4 Bg6 16. Bd4 Nxc3 17. Bxc3 Bxc2 18. Rdc1 Be4 19. a3 f5 20. Ne5 fxg4 21. Nxc6 bxc6 22. Bxg4 Bf5 23. Re1 Bxg4 24. hxg4 Rf4 25. Rxe6 Rxg4+ 26. Kf1 Bh4 27. Rae1 Rf4 28. R1e2 Rdf8 29. Rxc6 Rxf2+ 30. Rxf2 Rxf2+ 31. Kg1 Rf3 32. Rc8+ Kf7 33. Rc7+ Ke6 34. Bb2 g5 35. Rc6+ Kd5 36. Rxa6 Rf2 37. Rd6+ Kc4 38. c6 Bg3 0-1